[Event "World Cup 2023 Open"]
[Site "Baku, Azerbaijan"]
[Date "????.??.??"]
[Round "16.5"]
[White "Daneshvar Bardiya (IRI)"]
[Black "Grischuk Alexander (FID)"]
[Result "1-0"]
[WhiteFideId "12576468"]
[BlackFideId "4126025"]
[WhiteElo "2577"]
[BlackElo "2736"]

1. c4 {[%clk 00:10:19]} Nf6 {[%clk 00:10:19]} {[%emt 00:00:01]} 2. Nc3 {[%clk
00:10:28]} {[%emt 00:00:01]} e5 {[%clk 00:10:27]} {[%emt 00:00:01]} 3. Nf3
{[%clk 00:10:37]} {[%emt 00:00:01]} Nc6 {[%clk 00:10:36]} {[%emt 00:00:01]} 4.
e3 {[%clk 00:10:46]} {[%emt 00:00:01]} Bb4 {[%clk 00:10:39]} {[%emt 00:00:06]}
5. Qc2 {[%clk 00:10:55]} {[%emt 00:00:02]} Bxc3 {[%clk 00:10:34]} {[%emt
00:00:15]} 6. Qxc3 {[%clk 00:11:03]} {[%emt 00:00:02]} Qe7 {[%clk 00:10:40]}
{[%emt 00:00:03]} 7. d4 {[%clk 00:11:12]} {[%emt 00:00:02]} Ne4 {[%clk
00:08:54]} {[%emt 00:01:56]} 8. Qd3 {[%clk 00:11:16]} {[%emt 00:00:06]} exd4
{[%clk 00:08:56]} {[%emt 00:00:08]} 9. Nxd4 {[%clk 00:11:24]} {[%emt 00:00:02]}
Qb4+ {[%clk 00:07:19]} {[%emt 00:01:46]} 10. Bd2 {[%clk 00:11:33]} {[%emt
00:00:01]} Nxd2 {[%clk 00:07:20]} {[%emt 00:00:09]} 11. Qxd2 {[%clk 00:11:41]}
{[%emt 00:00:01]} Nxd4 {[%clk 00:04:56]} {[%emt 00:02:34]} 12. exd4 {[%clk
00:11:50]} {[%emt 00:00:02]} a5 {[%clk 00:04:28]} {[%emt 00:00:38]} 13. a3
{[%clk 00:10:28]} {[%emt 00:01:32]} Qxd2+ {[%clk 00:04:17]} {[%emt 00:00:21]}
14. Kxd2 {[%clk 00:10:36]} {[%emt 00:00:01]} d6 {[%clk 00:04:25]} {[%emt
00:00:03]} 15. Re1+ {[%clk 00:09:46]} {[%emt 00:01:01]} Kf8 {[%clk 00:03:13]}
{[%emt 00:01:22]} 16. Be2 {[%clk 00:08:11]} {[%emt 00:01:45]} h5 {[%clk
00:02:53]} {[%emt 00:00:29]} 17. Bf3 {[%clk 00:07:20]} {[%emt 00:01:01]} g5
{[%clk 00:02:56]} {[%emt 00:00:06]} 18. h3 {[%clk 00:05:48]} {[%emt 00:01:42]}
Be6 {[%clk 00:02:48]} {[%emt 00:00:18]} 19. Re3 {[%clk 00:05:23]} {[%emt
00:00:35]} Kg7 {[%clk 00:02:21]} {[%emt 00:00:37]} 20. Rhe1 {[%clk 00:04:47]}
{[%emt 00:00:46]} Kf6 {[%clk 00:01:05]} {[%emt 00:01:26]} 21. Kc3 {[%clk
00:02:30]} {[%emt 00:02:28]} c6 {[%clk 00:01:07]} {[%emt 00:00:08]} 22. d5
{[%clk 00:01:59]} {[%emt 00:00:41]} cxd5 {[%clk 00:01:15]} {[%emt 00:00:02]} 23.
cxd5 {[%clk 00:01:36]} {[%emt 00:00:32]} Bf5 {[%clk 00:01:02]} {[%emt
00:00:23]} 24. Kd4 {[%clk 00:01:32]} {[%emt 00:00:14]} g4 {[%clk 00:00:40]}
{[%emt 00:00:32]} 25. Be4 {[%clk 00:01:27]} {[%emt 00:00:15]} Bd7 {[%clk
00:00:38]} {[%emt 00:00:11]} 26. hxg4 {[%clk 00:00:47]} {[%emt 00:00:51]} hxg4
{[%clk 00:00:47]} {[%emt 00:00:01]} 27. f3 {[%clk 00:00:50]} {[%emt 00:00:06]}
Rhg8 {[%clk 00:00:14]} {[%emt 00:00:43]} 28. Rb3 {[%clk 00:00:45]} {[%emt
00:00:15]} b5 {[%clk 00:00:21]} {[%emt 00:00:03]} 29. Rh1 {[%clk 00:00:43]}
{[%emt 00:00:12]} Rac8 {[%clk 00:00:23]} {[%emt 00:00:08]} 30. Rh6+ {[%clk
00:00:41]} {[%emt 00:00:12]} Ke7 {[%clk 00:00:30]} {[%emt 00:00:03]} 31. Re3
{[%clk 00:00:37]} {[%emt 00:00:14]} Rc4+ {[%clk 00:00:20]} {[%emt 00:00:20]} 32.
Kd3 {[%clk 00:00:46]} {[%emt 00:00:01]} Kd8 {[%clk 00:00:13]} {[%emt 00:00:17]}
33. Rxd6 {[%clk 00:00:46]} {[%emt 00:00:10]} Kc7 {[%clk 00:00:17]} {[%emt
00:00:06]} 34. Rf6 {[%clk 00:00:53]} {[%emt 00:00:02]} Rg7 {[%clk 00:00:25]}
{[%emt 00:00:02]} 35. f4 {[%clk 00:00:42]} {[%emt 00:00:22]} g3 {[%clk
00:00:25]} {[%emt 00:00:10]} 36. d6+ {[%clk 00:00:20]} {[%emt 00:00:31]} Kb6
{[%clk 00:00:12]} {[%emt 00:00:23]} 37. Bd5 {[%clk 00:00:19]} {[%emt 00:00:11]}
Rc1 {[%clk 00:00:21]} {[%emt 00:00:01]} 38. Kd2 {[%clk 00:00:29]} Rf1 {[%clk
00:00:11]} {[%emt 00:00:20]} 39. Re7 {[%clk 00:00:35]} {[%emt 00:00:03]} Kc5
{[%clk 00:00:21]} {[%emt 00:00:01]} 40. Bb7 {[%clk 00:00:29]} {[%emt 00:00:16]}
Kd4 {[%clk 00:00:13]} {[%emt 00:00:17]} 41. Re4+ {[%clk 00:00:19]} {[%emt
00:00:20]} Kc5 {[%clk 00:00:22]} {[%emt 00:00:01]} 42. Re5+ {[%clk 00:00:20]}
{[%emt 00:00:08]} Kd4 {[%clk 00:00:17]} {[%emt 00:00:15]} 43. Re4+ {[%clk
00:00:17]} {[%emt 00:00:13]} Kc5 {[%clk 00:00:27]} 44. b4+ {[%clk 00:00:26]}
Kb6 {[%clk 00:00:35]} {[%emt 00:00:01]} 45. Re7 {[%clk 00:00:31]} {[%emt
00:00:06]} Rf2+ {[%clk 00:00:12]} {[%emt 00:00:33]} 46. Ke3 {[%clk 00:00:27]}
{[%emt 00:00:14]} Kxb7 {[%clk 00:00:15]} {[%emt 00:00:06]} 47. Rxd7+ {[%clk
00:00:36]} {[%emt 00:00:01]} Kc8 {[%clk 00:00:24]} 48. Rc7+ {[%clk 00:00:36]}
{[%emt 00:00:10]} Kd8 {[%clk 00:00:34]} 49. bxa5 {[%clk 00:00:29]} {[%emt
00:00:18]} Rxg2 {[%clk 00:00:37]} {[%emt 00:00:07]} 50. Rfxf7 {[%clk 00:00:26]}
{[%emt 00:00:12]} Rxf7 {[%clk 00:00:38]} {[%emt 00:00:07]} 51. Rxf7 {[%clk
00:00:34]} {[%emt 00:00:04]} Ra2 {[%clk 00:00:41]} {[%emt 00:00:07]} 52. Ke4
{[%clk 00:00:28]} {[%emt 00:00:17]} Rxa3 {[%clk 00:00:32]} {[%emt 00:00:19]} 53.
Kd5 {[%clk 00:00:37]} {[%emt 00:00:01]} b4 {[%clk 00:00:35]} {[%emt 00:00:07]}
54. a6 {[%clk 00:00:25]} {[%emt 00:00:22]} g2 {[%clk 00:00:14]} {[%emt
00:00:31]} 55. Rg7 {[%clk 00:00:34]} Ke8 {[%clk 00:00:14]} {[%emt 00:00:10]} 56.
Rxg2 {[%clk 00:00:24]} {[%emt 00:00:19]} Rxa6 {[%clk 00:00:22]} {[%emt
00:00:02]} 57. Rg8+ {[%clk 00:00:25]} {[%emt 00:00:09]} Kd7 {[%clk 00:00:20]}
{[%emt 00:00:13]} 58. Rg7+ {[%clk 00:00:33]} {[%emt 00:00:02]} Kc8 {[%clk
00:00:28]} {[%emt 00:00:01]} 59. Rc7+ {[%clk 00:00:17]} {[%emt 00:00:26]} Kd8
{[%clk 00:00:13]} {[%emt 00:00:26]} 60. Rb7 {[%clk 00:00:26]} Ra1 {[%clk
00:00:13]} {[%emt 00:00:10]} 61. Rxb4 {[%clk 00:00:33]} {[%emt 00:00:03]} 1-0

[Event "World Cup 2023 Open"]
[Site "Baku, Azerbaijan"]
[Date "????.??.??"]
[Round "16.7"]
[White "Vidit Santosh Gujrathi (IND)"]
[Black "Mastrovasilis Dimitrios (GRE)"]
[Result "1/2-1/2"]
[WhiteFideId "5029465"]
[BlackFideId "4202694"]
[WhiteElo "2719"]
[BlackElo "2587"]

1. d4 {[%clk 00:10:18]} {[%emt 00:00:02]} d5 {[%clk 00:10:18]} {[%emt
00:00:02]} 2. c4 {[%clk 00:10:27]} {[%emt 00:00:01]} e6 {[%clk 00:10:27]}
{[%emt 00:00:02]} 3. Nc3 {[%clk 00:10:35]} {[%emt 00:00:02]} Nf6 {[%clk
00:10:35]} {[%emt 00:00:02]} 4. cxd5 {[%clk 00:10:42]} {[%emt 00:00:03]} exd5
{[%clk 00:10:42]} {[%emt 00:00:02]} 5. Bg5 {[%clk 00:10:49]} {[%emt 00:00:02]}
Be7 {[%clk 00:10:40]} {[%emt 00:00:12]} 6. e3 {[%clk 00:10:56]} {[%emt
00:00:03]} Bg4 {[%clk 00:10:43]} {[%emt 00:00:07]} 7. Qc2 {[%clk 00:10:13]}
{[%emt 00:00:54]} O-O {[%clk 00:10:20]} {[%emt 00:00:33]} 8. Bd3 {[%clk
00:09:30]} {[%emt 00:00:53]} Nbd7 {[%clk 00:10:06]} {[%emt 00:00:24]} 9. h3
{[%clk 00:08:52]} {[%emt 00:00:48]} Be6 {[%clk 00:09:25]} {[%emt 00:00:51]} 10.
f4 {[%clk 00:08:24]} {[%emt 00:00:38]} h6 {[%clk 00:08:33]} {[%emt 00:01:01]}
11. Bh4 {[%clk 00:08:31]} {[%emt 00:00:03]} Ne4 {[%clk 00:05:51]} {[%emt
00:02:52]} 12. Bxe7 {[%clk 00:08:12]} {[%emt 00:00:29]} Qxe7 {[%clk 00:06:00]}
{[%emt 00:00:01]} 13. Nf3 {[%clk 00:06:00]} {[%emt 00:02:22]} Ndf6 {[%clk
00:03:58]} {[%emt 00:02:12]} 14. Ne5 {[%clk 00:05:44]} {[%emt 00:00:26]} Bf5
{[%clk 00:03:08]} {[%emt 00:01:00]} 15. O-O {[%clk 00:03:44]} {[%emt 00:02:10]}
c6 {[%clk 00:03:04]} {[%emt 00:00:14]} 16. g4 {[%clk 00:02:22]} {[%emt
00:01:32]} Nxc3 {[%clk 00:02:11]} {[%emt 00:01:03]} 17. Bxf5 {[%clk 00:02:12]}
{[%emt 00:00:20]} Nce4 {[%clk 00:02:12]} {[%emt 00:00:09]} 18. Qg2 {[%clk
00:02:01]} {[%emt 00:00:20]} Nd6 {[%clk 00:02:04]} {[%emt 00:00:18]} 19. Bd3
{[%clk 00:02:09]} {[%emt 00:00:02]} Nfe4 {[%clk 00:01:40]} {[%emt 00:00:34]} 20.
Rf3 {[%clk 00:01:58]} {[%emt 00:00:21]} Rfe8 {[%clk 00:01:24]} {[%emt
00:00:26]} 21. h4 {[%clk 00:01:52]} {[%emt 00:00:16]} f6 {[%clk 00:01:11]}
{[%emt 00:00:24]} 22. Ng6 {[%clk 00:01:58]} {[%emt 00:00:04]} Qf7 {[%clk
00:01:18]} {[%emt 00:00:03]} 23. f5 {[%clk 00:01:53]} {[%emt 00:00:15]} c5
{[%clk 00:01:16]} {[%emt 00:00:12]} 24. dxc5 {[%clk 00:01:13]} {[%emt
00:00:50]} Nxc5 {[%clk 00:01:21]} {[%emt 00:00:04]} 25. Rd1 {[%clk 00:01:19]}
{[%emt 00:00:05]} Rac8 {[%clk 00:00:44]} {[%emt 00:00:47]} 26. b3 {[%clk
00:01:02]} {[%emt 00:00:27]} Nxd3 {[%clk 00:00:39]} {[%emt 00:00:15]} 27. Rxd3
{[%clk 00:01:11]} {[%emt 00:00:01]} Rc1+ {[%clk 00:00:47]} {[%emt 00:00:02]} 28.
Rf1 {[%clk 00:01:08]} {[%emt 00:00:13]} Rxf1+ {[%clk 00:00:32]} {[%emt
00:00:25]} 29. Qxf1 {[%clk 00:01:15]} {[%emt 00:00:03]} Qc7 {[%clk 00:00:25]}
{[%emt 00:00:17]} 30. Nf4 {[%clk 00:01:07]} {[%emt 00:00:17]} Qc2 {[%clk
00:00:17]} {[%emt 00:00:18]} 31. Qe2 {[%clk 00:00:51]} {[%emt 00:00:26]} Qc1+
{[%clk 00:00:21]} {[%emt 00:00:07]} 32. Rd1 {[%clk 00:00:39]} {[%emt 00:00:21]}
Qxe3+ {[%clk 00:00:14]} {[%emt 00:00:17]} 33. Qxe3 {[%clk 00:00:47]} {[%emt
00:00:02]} Rxe3 {[%clk 00:00:23]} {[%emt 00:00:01]} 34. Rxd5 {[%clk 00:00:24]}
{[%emt 00:00:34]} Rg3+ {[%clk 00:00:18]} {[%emt 00:00:15]} 35. Kh2 {[%clk
00:00:14]} {[%emt 00:00:19]} Rxg4 {[%clk 00:00:21]} {[%emt 00:00:07]} 36. Ne6
{[%clk 00:00:23]} {[%emt 00:00:01]} Nf7 {[%clk 00:00:15]} {[%emt 00:00:15]} 37.
Kh3 {[%clk 00:00:28]} {[%emt 00:00:04]} h5 {[%clk 00:00:24]} {[%emt 00:00:01]}
38. Rc5 {[%clk 00:00:23]} {[%emt 00:00:15]} Nd6 {[%clk 00:00:17]} {[%emt
00:00:17]} 39. Rd5 {[%clk 00:00:31]} {[%emt 00:00:02]} Nf7 {[%clk 00:00:25]}
{[%emt 00:00:01]} 40. Rc5 {[%clk 00:00:32]} {[%emt 00:00:09]} Ne5 {[%clk
00:00:14]} {[%emt 00:00:21]} 41. Rc8+ {[%clk 00:00:27]} {[%emt 00:00:16]} Kf7
{[%clk 00:00:13]} {[%emt 00:00:11]} 42. Rc7+ {[%clk 00:00:33]} {[%emt
00:00:03]} Kg8 {[%clk 00:00:21]} {[%emt 00:00:02]} 43. Rxb7 {[%clk 00:00:36]}
{[%emt 00:00:08]} Nf3 {[%clk 00:00:29]} 44. Rxa7 {[%clk 00:00:27]} {[%emt
00:00:19]} Ng1+ {[%clk 00:00:38]} {[%emt 00:00:01]} 45. Kh2 {[%clk 00:00:36]}
{[%emt 00:00:01]} Nf3+ {[%clk 00:00:45]} {[%emt 00:00:03]} 46. Kh3 {[%clk
00:00:46]} {[%emt 00:00:01]} Ng1+ {[%clk 00:00:18]} {[%emt 00:00:37]} 47. Kh2
{[%clk 00:00:54]} {[%emt 00:00:02]} Nf3+ {[%emt 00:00:08]} 1/2-1/2

[Event "World Cup 2023 Open"]
[Site "Baku, Azerbaijan"]
[Date "????.??.??"]
[Round "16.18"]
[White "Bartel Mateusz (POL)"]
[Black "Donchenko Alexander (GER)"]
[Result "1-0"]
[WhiteFideId "1112635"]
[BlackFideId "24603295"]
[WhiteElo "2614"]
[BlackElo "2668"]

1. e4 {[%clk 00:10:19]} c5 {[%clk 00:10:19]} {[%emt 00:00:01]} 2. Nf3 {[%clk
00:10:27]} {[%emt 00:00:01]} d6 {[%clk 00:10:29]} {[%emt 00:00:01]} 3. d4
{[%clk 00:10:36]} cxd4 {[%clk 00:10:37]} {[%emt 00:00:02]} 4. Nxd4 {[%clk
00:10:45]} {[%emt 00:00:02]} Nf6 {[%clk 00:10:46]} {[%emt 00:00:01]} 5. Nc3
{[%clk 00:10:53]} {[%emt 00:00:01]} a6 {[%clk 00:10:55]} {[%emt 00:00:01]} 6.
Nb3 {[%clk 00:11:02]} e6 {[%clk 00:11:00]} {[%emt 00:00:05]} 7. g4 {[%clk
00:11:09]} {[%emt 00:00:03]} b5 {[%clk 00:11:07]} {[%emt 00:00:03]} 8. Bg2
{[%clk 00:11:11]} {[%emt 00:00:08]} Bb7 {[%clk 00:10:47]} {[%emt 00:00:30]} 9.
g5 {[%clk 00:11:19]} {[%emt 00:00:01]} Nfd7 {[%clk 00:10:53]} {[%emt 00:00:05]}
10. h4 {[%clk 00:11:10]} {[%emt 00:00:19]} Nc6 {[%clk 00:10:43]} {[%emt
00:00:20]} 11. f4 {[%clk 00:11:18]} {[%emt 00:00:03]} b4 {[%clk 00:10:19]}
{[%emt 00:00:34]} 12. Ne2 {[%clk 00:11:20]} {[%emt 00:00:07]} a5 {[%clk
00:10:01]} {[%emt 00:00:28]} 13. Be3 {[%clk 00:11:15]} {[%emt 00:00:14]} Nb6
{[%clk 00:10:00]} {[%emt 00:00:11]} 14. Nd2 {[%clk 00:11:07]} {[%emt 00:00:18]}
d5 {[%clk 00:09:26]} {[%emt 00:00:44]} 15. O-O {[%clk 00:10:31]} {[%emt
00:00:45]} Be7 {[%clk 00:08:35]} {[%emt 00:01:01]} 16. f5 {[%clk 00:07:38]}
{[%emt 00:03:03]} e5 {[%clk 00:08:22]} {[%emt 00:00:23]} 17. f6 {[%clk
00:07:37]} {[%emt 00:00:11]} gxf6 {[%clk 00:08:05]} {[%emt 00:00:27]} 18. gxf6
{[%clk 00:07:46]} {[%emt 00:00:02]} Bf8 {[%clk 00:07:46]} {[%emt 00:00:30]} 19.
Ng3 {[%clk 00:06:11]} {[%emt 00:01:44]} d4 {[%clk 00:06:39]} {[%emt 00:01:17]}
20. Bg5 {[%clk 00:06:20]} {[%emt 00:00:01]} h6 {[%clk 00:05:20]} {[%emt
00:01:30]} 21. Qh5 {[%clk 00:06:27]} {[%emt 00:00:01]} Rg8 {[%clk 00:05:25]}
{[%emt 00:00:07]} 22. Nf3 {[%clk 00:06:36]} {[%emt 00:00:02]} Nd7 {[%clk
00:04:37]} {[%emt 00:00:58]} 23. Kh2 {[%clk 00:05:31]} {[%emt 00:01:15]} Rg6
{[%clk 00:03:47]} {[%emt 00:01:00]} 24. Qxg6 {[%clk 00:05:18]} {[%emt
00:00:22]} hxg5 {[%clk 00:03:37]} {[%emt 00:00:20]} 25. Qxg5 {[%clk 00:04:34]}
{[%emt 00:00:54]} Qxf6 {[%clk 00:03:37]} {[%emt 00:00:11]} 26. Bh3 {[%clk
00:04:43]} Qh8 {[%clk 00:02:25]} {[%emt 00:01:22]} 27. Qf5 {[%clk 00:03:58]}
{[%emt 00:00:54]} O-O-O {[%clk 00:01:31]} {[%emt 00:01:05]} 28. Ng5 {[%clk
00:04:07]} Ne7 {[%clk 00:00:53]} {[%emt 00:00:48]} 29. Qh7 {[%clk 00:03:46]}
{[%emt 00:00:30]} Qxh7 {[%clk 00:00:38]} {[%emt 00:00:26]} 30. Nxh7 {[%clk
00:03:54]} {[%emt 00:00:01]} Ng6 {[%clk 00:00:12]} {[%emt 00:00:37]} 31. Rxf7
{[%clk 00:03:53]} {[%emt 00:00:10]} Bh6 {[%clk 00:00:12]} {[%emt 00:00:11]} 32.
Nf6 {[%clk 00:03:12]} {[%emt 00:00:51]} Bc6 {[%clk 00:00:20]} {[%emt 00:00:02]}
33. Nxd7 {[%clk 00:03:20]} {[%emt 00:00:02]} Bxd7 {[%clk 00:00:28]} {[%emt
00:00:02]} 34. Rxd7 {[%clk 00:03:23]} {[%emt 00:00:07]} Rxd7 {[%clk 00:00:37]}
{[%emt 00:00:01]} 35. Bxd7+ {[%clk 00:03:31]} {[%emt 00:00:02]} Kxd7 {[%clk
00:00:46]} 36. Nf5 {[%clk 00:03:40]} Bd2 {[%clk 00:00:45]} {[%emt 00:00:11]} 37.
Rd1 {[%clk 00:03:37]} {[%emt 00:00:12]} Bf4+ {[%clk 00:00:54]} {[%emt
00:00:02]} 38. Kh3 {[%clk 00:03:46]} Ke6 {[%clk 00:01:00]} {[%emt 00:00:04]} 39.
h5 {[%clk 00:03:54]} {[%emt 00:00:02]} Nf8 {[%clk 00:01:08]} {[%emt 00:00:01]}
40. Kg4 {[%clk 00:03:58]} {[%emt 00:00:06]} Nh7 {[%clk 00:01:14]} {[%emt
00:00:05]} 41. Nxd4+ {[%clk 00:03:57]} {[%emt 00:00:11]} Kf7 {[%clk 00:01:23]}
42. Nc6 {[%clk 00:03:57]} {[%emt 00:00:11]} Nf6+ {[%clk 00:01:31]} {[%emt
00:00:02]} 43. Kf5 {[%clk 00:04:01]} {[%emt 00:00:06]} Nxh5 {[%clk 00:01:38]}
{[%emt 00:00:03]} 44. Nxe5+ {[%clk 00:04:08]} {[%emt 00:00:03]} Ke8 {[%clk
00:01:47]} 45. Nc6 {[%clk 00:04:12]} {[%emt 00:00:06]} Bc7 {[%clk 00:01:53]}
{[%emt 00:00:04]} 46. e5 {[%clk 00:04:13]} {[%emt 00:00:09]} Ng3+ {[%clk
00:02:02]} {[%emt 00:00:01]} 47. Kf4 {[%clk 00:04:16]} {[%emt 00:00:05]} Ne2+
{[%clk 00:02:09]} {[%emt 00:00:04]} 48. Kf3 {[%clk 00:04:22]} {[%emt 00:00:03]}
1-0

[Event "World Cup 2023 Open"]
[Site "Baku, Azerbaijan"]
[Date "????.??.??"]
[Round "16.21"]
[White "Ponomariov Ruslan (UKR)"]
[Black "Kollars Dmitrij (GER)"]
[Result "1/2-1/2"]
[WhiteFideId "14103320"]
[BlackFideId "12909572"]
[WhiteElo "2664"]
[BlackElo "2618"]

1. d4 {[%clk 00:10:19]} d5 {[%clk 00:10:11]} {[%emt 00:00:09]} 2. c4 {[%clk
00:10:28]} {[%emt 00:00:01]} e6 {[%clk 00:10:21]} 3. Nf3 {[%clk 00:10:37]} Nf6
{[%clk 00:10:30]} 4. g3 {[%clk 00:10:46]} {[%emt 00:00:02]} Bb4+ {[%clk
00:10:39]} {[%emt 00:00:01]} 5. Bd2 {[%clk 00:10:55]} a5 {[%clk 00:10:48]}
{[%emt 00:00:01]} 6. Bg2 {[%clk 00:11:03]} {[%emt 00:00:02]} O-O {[%clk
00:10:56]} {[%emt 00:00:02]} 7. Qc1 {[%clk 00:11:10]} {[%emt 00:00:03]} Be7
{[%clk 00:10:48]} {[%emt 00:00:17]} 8. O-O {[%clk 00:11:16]} {[%emt 00:00:04]}
c6 {[%clk 00:10:54]} {[%emt 00:00:04]} 9. Bf4 {[%clk 00:11:12]} {[%emt
00:00:14]} b6 {[%clk 00:10:57]} {[%emt 00:00:06]} 10. cxd5 {[%clk 00:10:56]}
{[%emt 00:00:28]} cxd5 {[%clk 00:11:04]} {[%emt 00:00:03]} 11. Bc7 {[%clk
00:10:24]} {[%emt 00:00:42]} Qe8 {[%clk 00:10:31]} {[%emt 00:00:42]} 12. Bxb6
{[%clk 00:09:02]} {[%emt 00:01:33]} Qb5 {[%clk 00:10:11]} {[%emt 00:00:29]} 13.
Bc5 {[%clk 00:09:10]} {[%emt 00:00:02]} Bxc5 {[%clk 00:10:13]} {[%emt
00:00:08]} 14. Qxc5 {[%clk 00:09:16]} {[%emt 00:00:04]} Qxe2 {[%clk 00:09:38]}
{[%emt 00:00:45]} 15. Nc3 {[%clk 00:09:22]} {[%emt 00:00:04]} Qa6 {[%clk
00:09:39]} {[%emt 00:00:08]} 16. Rfc1 {[%clk 00:09:19]} {[%emt 00:00:14]} Nbd7
{[%clk 00:09:29]} {[%emt 00:00:20]} 17. Qa3 {[%clk 00:08:59]} {[%emt 00:00:30]}
Nb6 {[%clk 00:09:20]} {[%emt 00:00:19]} 18. Bf1 {[%clk 00:08:51]} {[%emt
00:00:18]} Nc4 {[%clk 00:09:08]} {[%emt 00:00:23]} 19. Qc5 {[%clk 00:06:42]}
{[%emt 00:02:19]} Bd7 {[%clk 00:08:24]} {[%emt 00:00:54]} 20. Ne5 {[%clk
00:06:43]} {[%emt 00:00:08]} Rac8 {[%clk 00:07:47]} {[%emt 00:00:47]} 21. Qe7
{[%clk 00:06:22]} {[%emt 00:00:31]} Qb7 {[%clk 00:06:44]} {[%emt 00:01:13]} 22.
Nxd7 {[%clk 00:05:42]} {[%emt 00:00:50]} Nxd7 {[%clk 00:06:44]} {[%emt
00:00:09]} 23. b3 {[%clk 00:05:49]} {[%emt 00:00:04]} Rfe8 {[%clk 00:06:41]}
{[%emt 00:00:13]} 24. Qg5 {[%clk 00:05:44]} {[%emt 00:00:15]} Nd6 {[%clk
00:06:42]} {[%emt 00:00:08]} 25. Qf4 {[%clk 00:05:09]} {[%emt 00:00:45]} Ne4
{[%clk 00:04:59]} {[%emt 00:01:52]} 26. Nxe4 {[%clk 00:04:37]} {[%emt
00:00:42]} dxe4 {[%clk 00:05:08]} 27. Qd2 {[%clk 00:04:05]} {[%emt 00:00:42]}
Qb6 {[%clk 00:05:00]} {[%emt 00:00:17]} 28. Rc4 {[%clk 00:04:11]} {[%emt
00:00:05]} Rcd8 {[%clk 00:04:53]} {[%emt 00:00:17]} 29. Qe3 {[%clk 00:03:20]}
{[%emt 00:01:01]} Nf6 {[%clk 00:04:14]} {[%emt 00:00:49]} 30. Rac1 {[%clk
00:03:24]} {[%emt 00:00:06]} Rd6 {[%clk 00:04:13]} {[%emt 00:00:11]} 31. Bg2
{[%clk 00:03:27]} {[%emt 00:00:07]} Red8 {[%clk 00:04:10]} {[%emt 00:00:13]} 32.
Bxe4 {[%clk 00:03:31]} {[%emt 00:00:06]} g6 {[%clk 00:04:13]} {[%emt 00:00:08]}
33. Bf3 {[%clk 00:03:32]} {[%emt 00:00:10]} Rxd4 {[%clk 00:03:33]} {[%emt
00:00:49]} 34. Rxd4 {[%clk 00:03:37]} {[%emt 00:00:05]} Rxd4 {[%clk 00:03:36]}
{[%emt 00:00:07]} 35. Rc4 {[%clk 00:02:43]} {[%emt 00:01:04]} Rd6 {[%clk
00:03:45]} 36. Qxb6 {[%clk 00:02:23]} {[%emt 00:00:30]} Rxb6 {[%clk 00:03:54]}
{[%emt 00:00:01]} 37. Rc5 {[%clk 00:02:29]} {[%emt 00:00:03]} a4 {[%clk
00:03:35]} {[%emt 00:00:29]} 38. bxa4 {[%clk 00:02:34]} {[%emt 00:00:06]} Rb2
{[%clk 00:03:44]} 39. a3 {[%clk 00:02:05]} {[%emt 00:00:38]} Rb3 {[%clk
00:03:48]} {[%emt 00:00:05]} 40. Kg2 {[%clk 00:02:04]} {[%emt 00:00:13]} Rxa3
{[%clk 00:03:56]} {[%emt 00:00:02]} 41. a5 {[%clk 00:02:13]} Kg7 {[%clk
00:03:28]} {[%emt 00:00:38]} 42. Bb7 {[%clk 00:02:17]} {[%emt 00:00:06]} Ra2
{[%clk 00:03:25]} {[%emt 00:00:13]} 43. h3 {[%clk 00:02:25]} {[%emt 00:00:03]}
Nd7 {[%clk 00:03:19]} {[%emt 00:00:16]} 44. Rb5 {[%clk 00:02:26]} {[%emt
00:00:09]} Kf6 {[%clk 00:03:22]} {[%emt 00:00:07]} 45. a6 {[%clk 00:02:28]}
{[%emt 00:00:08]} Ne5 {[%clk 00:03:04]} {[%emt 00:00:27]} 46. Rb3 {[%clk
00:02:11]} {[%emt 00:00:27]} g5 {[%clk 00:02:58]} {[%emt 00:00:16]} 47. Kf1
{[%clk 00:01:58]} {[%emt 00:00:23]} Nd7 {[%clk 00:02:54]} {[%emt 00:00:14]} 48.
Bc8 {[%clk 00:01:11]} {[%emt 00:00:57]} Nc5 {[%clk 00:02:50]} {[%emt 00:00:14]}
49. Rb6 {[%clk 00:01:11]} {[%emt 00:00:11]} Nd3 {[%clk 00:02:45]} {[%emt
00:00:14]} 50. Rb3 {[%clk 00:00:52]} {[%emt 00:00:29]} Nc5 {[%clk 00:02:43]}
{[%emt 00:00:13]} 51. Rb6 {[%clk 00:00:57]} {[%emt 00:00:05]} Ne4 {[%clk
00:02:14]} {[%emt 00:00:37]} 52. Bb7 {[%clk 00:00:57]} {[%emt 00:00:11]} Nc5
{[%clk 00:02:04]} {[%emt 00:00:19]} 53. Rc6 {[%clk 00:00:57]} {[%emt 00:00:11]}
Nd3 {[%clk 00:02:09]} {[%emt 00:00:05]} 54. f3 {[%clk 00:00:29]} {[%emt
00:00:38]} h5 {[%clk 00:01:47]} {[%emt 00:00:32]} 55. Rc4 {[%clk 00:00:27]}
{[%emt 00:00:12]} Ke5 {[%clk 00:01:27]} {[%emt 00:00:29]} 56. Re4+ {[%clk
00:00:32]} {[%emt 00:00:06]} Kf6 {[%clk 00:01:34]} {[%emt 00:00:04]} 57. Rc4
{[%clk 00:00:28]} {[%emt 00:00:14]} Ke5 {[%clk 00:01:41]} {[%emt 00:00:03]} 58.
Re4+ {[%clk 00:00:37]} Kf6 {[%clk 00:01:44]} {[%emt 00:00:07]} 1/2-1/2